¡Hazlo! : (Record no. 198100)

MARC details
000 -LEADER
campo de control de longitud fija 01720nam a22004694c 4500
001 - NÚMERO DE CONTROL
campo de control 198100
003 - IDENTIFICADOR DE NÚMERO DE CONTROL
campo de control SpMaBN
005 - FECHA Y HORA DE LA ÚLTIMA TRANSACCIÓN
campo de control 20260527224715.0
008 - DATOS DE LONGITUD FIJA--INFORMACIÓN GENERAL
campo de control de longitud fija 260209s2018 sp a | |||| 000 0 spa
015 ## - NÚMERO DE BIBLIOGRAFÍA NACIONAL
Número de bibliografía nacional MON18
017 ## - NÚMERO DE COPYRIGHT O DE DEPÓSITO LEGAL
Número de copyright o de depósito legal B 6910-2018
Agencia que asigna Oficina Depósito Legal Barcelona
020 ## - NÚMERO INTERNACIONAL ESTÁNDAR DEL LIBRO
Número Internacional Estándar del Libro 9788417059804
035 ## - NÚMERO DE CONTROL DEL SISTEMA
Número de control de sistema (OCoLC)1055607158
035 ## - NÚMERO DE CONTROL DEL SISTEMA
Número de control de sistema (SpMaBN)a6441892
040 ## - FUENTE DE CATALOGACIÓN
Centro catalogador/agencia de origen SpMaBN
Lengua de catalogación spa
Centro/agencia transcriptor SpMaBN
Normas de descripción rda
080 ## - NÚMERO DE LA CLASIFICACIÓN DECIMAL UNIVERSAL
Número de la Clasificación Decimal Universal 323.25/.26(73)
080 ## - NÚMERO DE LA CLASIFICACIÓN DECIMAL UNIVERSAL
Número de la Clasificación Decimal Universal 316.723(73)
100 1# - ENTRADA PRINCIPAL--NOMBRE DE PERSONA
Nombre de persona Rubin, Jerry
Fechas asociadas al nombre 1938-1994
Relación aut
9 (RLIN) 242781
240 10 - TÍTULO UNIFORME
Título uniforme Do it!
Lenguaje de la obra Español
245 10 - MENCIÓN DEL TÍTULO
Título ¡Hazlo! :
Resto del título escenarios de la revolución del 68
Mención de responsabilidad, etc. Jerry Rubin ; traducción de Pablo Álvarez Ellacuria ; introducción de Eldridge Cleaver
250 ## - MENCION DE EDICION
Mención de edición Primera edición, mayo de 2018
264 #1 - PRODUCCIÓN, PUBLICACIÓN, DISTRIBUCIÓN, FABRICACIÓN Y COPYRIGHT
Producción, publicación, distribución, fabricación y copyright Barcelona
Nombre del de productor, editor, distribuidor, fabricante Blackie Books,
Fecha de producción, publicación, distribución, fabricación o copyright [2018]
300 ## - DESCRIPCIÓN FÍSICA
Extensión 295 páginas
Otras características físicas ilustraciones (blanco y negro)
Dimensiones 22 cm
336 ## - TIPO DE CONTENIDO
Término de tipo de contenido Texto
Fuente rdacontent
337 ## - TIPO DE MEDIO
Nombre/término del tipo de medio sin mediación
Fuente rdamedia
338 ## - TIPO DE SOPORTE
Nombre/término del tipo de soporte volumen
Fuente rdacarrier
500 ## - NOTA GENERAL
Nota general En el lomo: BB1
500 ## - NOTA GENERAL
Nota general Registro provisional. A-16071. Depósito 1
500 ## - NOTA GENERAL
Nota general Traducción publicada anteriormente bajo el título: Do it!
600 17 - PUNTO DE ACCESO ADICIONAL DE MATERIA--NOMBRE DE PERSONA
Nombre de persona Sheffield, Rob
Fuente del encabezamiento o término embne
9 (RLIN) 242782
650 #7 - PUNTO DE ACCESO ADICIONAL DE MATERIA--TÉRMINO DE MATERIA
Término de materia o nombre geográfico como elemento de entrada Resistencia al gobierno
Subdivisión geográfica Estados Unidos
Fuente del encabezamiento o término embne
9 (RLIN) 242783
650 #7 - PUNTO DE ACCESO ADICIONAL DE MATERIA--TÉRMINO DE MATERIA
Término de materia o nombre geográfico como elemento de entrada Hippies
Subdivisión geográfica Estados Unidos
Fuente del encabezamiento o término embne
9 (RLIN) 242784
852 ## - LOCALIZACIÓN
Ubicación ES-MaACL
Ubicación en estantería Depósito 1
Número de control de estantería A-16071
Donativo/Legado Donación: José Lázaro García
Encuadernación Encuadernación cartoné
Nota libre En proceso
901 ## - NOMBRE PERSONAL DE POSESOR
a BC-BNE
901 ## - NOMBRE PERSONAL DE POSESOR
a MON1903
942 ## - ELEMENTOS DE ENTRADA SECUNDARIOS (KOHA)
Fuente del sistema de clasificación o colocación Clasificación decimal universal
Tipo de ítem Koha Libro impreso
Suprimir en OPAC No
956 ## - LOCALIZACIÓN Y ACCESO ELECTRÓNICOS LOCAL (OCLC)
Nombre del host 2

No items available.